Statistics for Common dog breeds

Click here to take the quiz!

General Stats

  • This quiz has been taken 57 times
  • The average score is 8 of 11

Answer Stats

HintAnswer% Correct
White with black spotsDalmatian
97%
Whitish grayish. May be for snow. May pull sleds. Originally from in north-eastern Siberia, Russia.Siberian Husky
92%
Is one of the smallest dog breed, named after a state in mexico.Chihuahua
84%
One of the most popular in the United kingdom, can be trained to help the blind.Labrador Retriever
82%
Has a mid length fuzzy and curly fur.Poodle
76%
These "gentle giants"are on of the biggest dog breeds. Originally from GermanyGreat Dane
71%
Is a breed of medium to large-sized working dog that originated in Germany.German Shepherd
63%
Is a breed of very large working dog from the western Alps in France, Switzerland and Italy. It may be used for rescuing during avalanches.St. Bernard
63%
Originally from northen China where they are also called "puffy lion dog"Chow Chow
61%
Is short-legged, long-bodied, hound-type dog breed. Brown or black.Dachshund
55%
Is a breed of small hound, it is white, brown and black.Beagle
47%

Score Distribution

Percentile by Number Answered

Percent of People with Each Score

Your Score History

You have not taken this quiz